[Event "Berliner Meisterschaft 2023"]
[Site "Berlin"]
[Date "2023.04.08"]
[Round "1.1"]
[White "Piz, Dr. Maxim"]
[Black "Richter, Michael"]
[Result "0-1"]
[WhiteElo "2158"]
[BlackElo "2465"]
[PlyCount "96"]
[EventDate "2023.??.??"]

1. e4 {[%emt 0:06:41]} e6 2. d4 d5 3. exd5 exd5 4. Bd3 c5 5. Nf3 c4 6. Be2 Bd6 7. b3 cxb3 8. axb3 Ne7 9. O-O Nbc6 10. c4 O-O 11. Nc3 h6 12. h3 Bf5 13. Nb5 Bb8 14. Ba3 Re8 15. Bd3 a6 16. Bxe7 Nxe7 17. Re1 Be6 18. Nc3 Bc7 19. Na4 Ba5 20. Re2 Bb4 21. c5 Nc6 22. Bb1 Qf6 23. Raa2 Rad8 24. Ne5 g6 25. Nxc6 bxc6 26. Re3 Bf5 27. Rae2 Rxe3 28. fxe3 Bxb1 29. Qxb1 Re8 30. Qd3 a5 31. e4 dxe4 32. Rxe4 Rd8 33. Qe3 Kg7 {[%emt 0:03:45]} 34. Nb6 {[%emt 0:02:10]} Rxd4 {[%emt 0:01:41]} 35. Qxd4 {[%emt 0:11:12]} Qxd4+ {[%emt 0:00:12]} 36. Rxd4 Bxc5 {[%emt 0:00:10]} 37. Nd7 {[%emt 0:01:16]} Bxd4+ {[%emt 0:00:10]} 38. Kf1 {[%emt 0:00:05]} f6 {[%emt 0:05:13]} 39. Nb8 {[%emt 0:00:28]} Kf7 {[%emt 0:01:53]} 40. Ke2 {[%emt 0:00:53]} Ke6 {[%emt 0:00:39]} 41. Nxc6 {[%emt 0:02:23]} Bb6 {[%emt 0:00:11]} 42. b4 {[%emt 0:00:57]} a4 {[%emt 0:00:31]} 43. Kd3 {[%emt 0:00:18]} Kd6 {[%emt 0:05:13]} 44. Nb8 {[%emt 0:02:50]} Kd5 {[%emt 0:05:35]} 45. Na6 {[%emt 0:03:59]} f5 {[%emt 0:02:50]} 46. b5 {[%emt 0:01:20]} g5 {[%emt 0:02:57]} 47. Kc3 {[%emt 0:00:15]} Ba5+ {[%emt 0:00:34]} 48. Kd3 {[%emt 0:02:21]} a3 {[%emt 0:01:40]} 0-1

[Event "Berliner Meisterschaft 2023"]
[Site "Berlin"]
[Date "2023.04.08"]
[Round "1.2"]
[White "Glek, Igor"]
[Black "Raitza, Olaf"]
[Result "1-0"]
[WhiteElo "2443"]
[BlackElo "2143"]
[PlyCount "39"]
[EventDate "2023.??.??"]

1. e4 {[%emt 0:00:02]} Nf6 {[%emt 0:00:14]} 2. e5 {[%emt 0:00:05]} Nd5 {[%emt 0:00:03]} 3. d4 {[%emt 0:00:10]} d6 {[%emt 0:00:11]} 4. c4 {[%emt 0:00:04]} Nb6 {[%emt 0:00:07]} 5. exd6 {[%emt 0:00:08]} cxd6 {[%emt 0:00:17]} 6. Nc3 {[%emt 0:00:19]} Nc6 {[%emt 0:08:07]} 7. d5 {[%emt 0:01:20]} Ne5 {[%emt 0:03:38]} 8. f4 {[%emt 0:00:07]} Bg4 {[%emt 0:18:21]} 9. Qc2 {[%emt 0:01:38]} Ng6 {[%emt 0:15:47]} 10. Bd3 {[%emt 0:02:09]} Bd7 {[%emt 0:14:12]} 11. Nf3 {[%emt 0:00:23]} Rc8 {[%emt 0:00:35]} 12. b3 {[%emt 0:00:55]} a6 {[%emt 0:23:21]} 13. h4 {[%emt 0:02:51]} e6 {[%emt 0:05:14]} 14. dxe6 {[%emt 0:01:03]} Bxe6 {[%emt 0:00:02]} 15. f5 {[%emt 0:00:27]} Bxc4 {[%emt 0:01:01]} 16. fxg6 {[%emt 0:01:01]} Bxd3 {[%emt 0:02:37]} 17. gxf7+ {[%emt 0:00:04]} Kxf7 {[%emt 0:00:58]} 18. Qxd3 {[%emt 0:00:06]} Qf6 {[%emt 0:00:14]} 19. Bd2 {[%emt 0:04:04]} d5 {[%emt 0:00:51]} 20. O-O {[%emt 0:00:19]} 1-0

[Event "Berliner Meisterschaft 2023"]
[Site "Berlin"]
[Date "2023.04.08"]
[Round "1.3"]
[White "Niehaus, Frank"]
[Black "Baskin, Robert"]
[Result "1/2-1/2"]
[WhiteElo "2142"]
[BlackElo "2442"]
[PlyCount "104"]
[EventDate "2023.??.??"]

1. e4 {[%emt 0:04:25]} c5 2. Nf3 d6 3. d4 cxd4 4. Nxd4 Nf6 5. Nc3 Nc6 6. Bg5 e6 7. Qd2 a6 8. O-O-O Bd7 9. f4 Be7 10. Nf3 b5 11. Bd3 b4 12. Ne2 a5 13. Kb1 Qb6 14. h4 O-O-O 15. h5 h6 16. Bh4 Kb8 17. Nc1 a4 18. Bf2 Qa5 19. Nd4 Nxd4 20. Bxd4 e5 21. Bf2 Bg4 22. Rde1 d5 23. fxe5 Nxe4 24. Bxe4 dxe4 25. Qf4 Be6 26. Rxe4 Rd7 27. Rd4 {[%emt 0:03:51]} Rxd4 {[%emt 0:01:22]} 28. Bxd4 {[%emt 0:02:45]} Rd8 {[%emt 0:01:24]} 29. Qf2 {[%emt 0:02:27]} Qd5 {[%emt 0:02:06]} 30. Rd1 {[%emt 0:01:10]} Bc5 {[%emt 0:07:21]} 31. Bxc5 {[%emt 0:01:55]} Qxd1 {[%emt 0:00:08]} 32. Bd6+ {[%emt 0:00:03]} Rxd6 {[%emt 0:01:09]} 33. exd6 {[%emt 0:00:06]} Qxd6 {[%emt 0:00:12]} 34. Qe2 {[%emt 0:01:30]} Qc5 {[%emt 0:01:03]} 35. Nd3 {[%emt 0:02:14]} Qg1+ {[%emt 0:01:04]} 36. Nc1 {[%emt 0:00:07]} Qc5 {[%emt 0:01:49]} 37. Nd3 {[%emt 0:00:08]} Qd4 {[%emt 0:00:31]} 38. Nc1 {[%emt 0:00:51]} Kc7 {[%emt 0:01:34]} 39. Qa6 {[%emt 0:01:55]} Bd7 {[%emt 0:00:16]} 40. Qa5+ {[%emt 0:02:02]} Kb7 {[%emt 0:00:40]} 41. Nd3 {[%emt 0:04:00]} Bc6 {[%emt 0:08:58]} 42. Qf5 {[%emt 0:02:10]} Qg1+ {[%emt 0:03:20]} 43. Nc1 {[%emt 0:00:06]} Qxg2 {[%emt 0:02:04]} 44. Qxf7+ {[%emt 0:00:06]} Kb6 {[%emt 0:00:05]} 45. Qf8 {[%emt 0:01:43]} Qg4 {[%emt 0:01:55]} 46. Qb8+ {[%emt 0:01:28]} Ka6 {[%emt 0:00:25]} 47. Qd6 {[%emt 0:01:48]} Kb7 {[%emt 0:00:26]} 48. Qe7+ {[%emt 0:00:52]} Kc8 {[%emt 0:00:38]} 49. Qd6 {[%emt 0:01:34]} Bd7 {[%emt 0:03:30]} 50. Qf8+ {[%emt 0:01:57]} Kc7 {[%emt 0:00:42]} 51. Qc5+ {[%emt 0:01:35]} Kb7 {[%emt 0:00:06]} 52. Qd6 {[%emt 0:02:12]} Bc6 {[%emt 0:01:59]} 1/2-1/2

[Event "Berliner Meisterschaft 2023"]
[Site "Berlin"]
[Date "2023.04.08"]
[Round "1.4"]
[White "Schmidek, Emil"]
[Black "Kather, Yannick"]
[Result "1-0"]
[WhiteElo "2433"]
[BlackElo "2137"]
[PlyCount "65"]
[EventDate "2023.??.??"]

1. d4 {[%emt 0:01:41]} Nf6 2. c4 g6 3. Nc3 d5 4. cxd5 Nxd5 5. e4 Nxc3 6. bxc3 Bg7 7. Nf3 c5 8. Rb1 O-O 9. Be2 cxd4 10. cxd4 Qa5+ 11. Qd2 Qxd2+ 12. Bxd2 b6 13. O-O e6 14. Rfd1 Bb7 15. d5 Na6 16. Be3 exd5 17. exd5 Nc7 18. Bc4 h6 19. Bf4 Rac8 20. d6 Ne6 21. Bxe6 fxe6 22. d7 Ra8 23. Bd6 Rfd8 24. Be7 Bd5 25. Bxd8 Rxd8 26. Rbc1 Rxd7 27. Rc2 Rb7 28. Ne1 b5 29. Nd3 g5 {[%emt 0:04:41]} 30. Nb4 {[%emt 0:11:30]} Bc4 {[%emt 0:00:24]} 31. Rd8+ {[%emt 0:01:39]} Kf7 {[%emt 0:02:37]} 32. Nc6 {[%emt 0:01:42]} Bd5 {[%emt 0:03:08]} 33. Rxd5 {[%emt 0:00:26]} 1-0

[Event "Berliner Meisterschaft 2023"]
[Site "Berlin"]
[Date "2023.04.08"]
[Round "1.5"]
[White "Noetzel, Felix"]
[Black "Lagunow, Raphael"]
[Result "0-1"]
[WhiteElo "2136"]
[BlackElo "2410"]
[PlyCount "68"]
[EventDate "2023.??.??"]

1. e4 {[%emt 0:03:48]} c6 2. d4 d5 3. Nc3 dxe4 4. Nxe4 Nf6 5. Nxf6+ exf6 6. c3 Bd6 7. Bd3 O-O 8. Ne2 Re8 9. O-O Qc7 10. g3 Bh3 11. Re1 Bg4 12. Qc2 h5 13. Bf4 Nd7 14. Bxd6 Qxd6 15. Nf4 c5 16. h3 Bf3 17. Be4 Bxe4 18. Rxe4 cxd4 19. cxd4 h4 20. Rae1 Rxe4 21. Qxe4 hxg3 22. fxg3 g6 23. Qd5 {[%emt 0:02:19]} Qxd5 {[%emt 0:02:54]} 24. Nxd5 {[%emt 0:00:02]} Kg7 {[%emt 0:00:07]} 25. Rc1 {[%emt 0:04:45]} Nb6 {[%emt 0:10:58]} 26. Nf4 {[%emt 0:03:08]} g5 {[%emt 0:04:26]} 27. Ne2 {[%emt 0:00:05]} Re8 {[%emt 0:02:14]} 28. Kf2 {[%emt 0:00:05]} Nd5 {[%emt 0:00:05]} 29. Rc5 {[%emt 0:02:43]} Nb4 {[%emt 0:00:05]} 30. Rc7 {[%emt 0:00:18]} Nd3+ {[%emt 0:01:05]} 31. Kf3 {[%emt 0:00:25]} f5 {[%emt 0:00:50]} 32. g4 {[%emt 0:01:14]} f4 {[%emt 0:00:08]} 33. Nc3 {[%emt 0:00:47]} Re3+ {[%emt 0:00:05]} 34. Kg2 {[%emt 0:00:04]} f3+ {[%emt 0:00:24]} 0-1

[Event "Berliner Meisterschaft 2023"]
[Site "Berlin"]
[Date "2023.04.08"]
[Round "1.6"]
[White "Bruedigam, Martin"]
[Black "Noeldner, Julian"]
[Result "1-0"]
[WhiteElo "2378"]
[BlackElo "2121"]
[PlyCount "63"]
[EventDate "2023.??.??"]

1. d4 Nf6 2. Nf3 g6 3. Nbd2 Bg7 4. e4 d6 5. c3 O-O 6. Bd3 c5 7. O-O cxd4 8. cxd4 e5 9. dxe5 dxe5 10. Nc4 Nc6 11. Bg5 Re8 12. Rc1 Bg4 13. h3 Bxf3 14. Qxf3 Nd4 15. Qe3 b5 16. Na3 a6 17. Nc2 Ne6 18. Rfd1 Qe7 19. a3 Qb7 20. Bh4 a5 21. Qe1 {[%emt 0:01:14]} Rec8 {[%emt 0:05:18]} 22. f3 {[%emt 0:00:55]} Nh5 {[%emt 0:02:58]} 23. Bf2 {[%emt 0:00:38]} Nhf4 {[%emt 0:01:14]} 24. Bf1 {[%emt 0:00:18]} Bf8 {[%emt 0:02:59]} 25. Kh1 {[%emt 0:00:49]} Nc5 {[%emt 0:01:48]} 26. Ne3 {[%emt 0:00:56]} Ncd3 {[%emt 0:00:38]} 27. Rxd3 {[%emt 0:00:12]} Nxd3 {[%emt 0:00:34]} 28. Bxd3 {[%emt 0:00:02]} Bh6 {[%emt 0:00:43]} 29. Rd1 {[%emt 0:00:26]} b4 {[%emt 0:01:42]} 30. Nd5 {[%emt 0:04:14]} bxa3 {[%emt 0:00:17]} 31. bxa3 {[%emt 0:00:07]} Rd8 {[%emt 0:01:13]} 32. Rb1 {[%emt 0:00:13]} 1-0

[Event "Berliner Meisterschaft 2023"]
[Site "Berlin"]
[Date "2023.04.08"]
[Round "1.7"]
[White "Dimitrijeski, Kristian"]
[Black "Poltorak, Sebastian"]
[Result "0-1"]
[WhiteElo "2120"]
[BlackElo "2368"]
[PlyCount "60"]
[EventDate "2023.??.??"]

1. d4 {[%emt 0:00:01]} Nf6 {[%emt 0:00:16]} 2. c4 {[%emt 0:00:05]} g6 {[%emt 0:00:07]} 3. Nc3 {[%emt 0:00:05]} d5 {[%emt 0:00:15]} 4. cxd5 {[%emt 0:00:11]} Nxd5 {[%emt 0:00:07]} 5. e4 {[%emt 0:00:11]} Nxc3 {[%emt 0:00:09]} 6. bxc3 {[%emt 0:00:04]} Bg7 {[%emt 0:00:09]} 7. Nf3 {[%emt 0:00:21]} c5 {[%emt 0:00:13]} 8. Bb5+ {[%emt 0:00:14]} Nc6 {[%emt 0:01:25]} 9. O-O {[%emt 0:00:29]} cxd4 {[%emt 0:06:55]} 10. cxd4 {[%emt 0:00:28]} O-O {[%emt 0:00:11]} 11. Be3 {[%emt 0:01:22]} Bg4 {[%emt 0:02:11]} 12. Bxc6 {[%emt 0:01:39]} bxc6 {[%emt 0:00:18]} 13. Rc1 {[%emt 0:01:09]} Qd7 {[%emt 0:09:38]} 14. Qa4 {[%emt 0:15:29]} Bxf3 {[%emt 0:04:41]} 15. gxf3 {[%emt 0:00:07]} Qh3 {[%emt 0:02:52]} 16. Qxc6 {[%emt 0:03:18]} e5 {[%emt 0:03:29]} 17. d5 {[%emt 0:08:58]} Qxf3 {[%emt 0:03:20]} 18. d6 {[%emt 0:00:30]} Qg4+ {[%emt 0:13:54]} 19. Kh1 {[%emt 0:00:07]} Rfd8 {[%emt 0:00:32]} 20. Rfd1 {[%emt 0:08:26]} h5 {[%emt 0:01:17]} 21. Rg1 {[%emt 0:11:49]} Qf3+ {[%emt 0:00:16]} 22. Rg2 {[%emt 0:00:06]} h4 {[%emt 0:11:44]} 23. Kg1 {[%emt 0:00:15]} Kh7 {[%emt 0:00:34]} 24. d7 {[%emt 0:03:26]} Bh6 {[%emt 0:07:38]} 25. Bxh6 {[%emt 0:02:02]} Kxh6 {[%emt 0:00:01]} 26. Qd5 {[%emt 0:15:48]} Rab8 {[%emt 0:02:10]} 27. Qxe5 {[%emt 0:05:20]} Rxd7 {[%emt 0:01:38]} 28. Rxg6+ {[%emt 0:02:09]} fxg6 {[%emt 0:00:44]} 29. Qxb8 {[%emt 0:00:07]} h3 {[%emt 0:00:22]} 30. Qh8+ {[%emt 0:02:30]} Rh7 {[%emt 0:00:05]} 0-1

[Event "Berliner Meisterschaft 2023"]
[Site "Berlin"]
[Date "2023.04.08"]
[Round "1.8"]
[White "Glantz, Robert"]
[Black "Meyer-Dunker, Paul"]
[Result "1-0"]
[WhiteElo "2360"]
[BlackElo "2113"]
[PlyCount "113"]
[EventDate "2023.??.??"]

1. d4 d5 2. Nf3 Nf6 3. Bf4 e6 4. e3 c5 5. Nbd2 cxd4 6. exd4 Nc6 7. c3 Nh5 8. Be3 Bd6 9. Ne5 g6 10. Nd3 f5 11. f4 Nf6 12. Be2 O-O 13. O-O Bd7 14. a4 a5 15. Qe1 Kg7 16. Qg3 Qe8 17. Ne5 Na7 18. Bd1 b5 19. axb5 Nxb5 20. Re1 Bc7 21. Ra2 Nd6 22. Bc2 Qe7 23. Qh4 Rfc8 24. Bf2 Bd8 25. Nb3 Qe8 26. Nc5 {[%emt 0:01:22]} Nfe4 {[%emt 0:02:31]} 27. Qh3 {[%emt 0:00:18]} Nxc5 {[%emt 0:00:21]} 28. dxc5 {[%emt 0:00:08]} Ne4 {[%emt 0:01:08]} 29. Bd4 {[%emt 0:01:35]} Bf6 {[%emt 0:00:42]} 30. Rea1 {[%emt 0:03:55]} Bb5 {[%emt 0:04:12]} 31. Qe3 {[%emt 0:03:06]} Qd8 {[%emt 0:03:07]} 32. g4 {[%emt 0:01:29]} Kg8 {[%emt 0:01:20]} 33. Bxe4 {[%emt 0:02:58]} dxe4 {[%emt 0:00:27]} 34. g5 {[%emt 0:00:50]} Bxe5 {[%emt 0:02:07]} 35. Bxe5 {[%emt 0:00:13]} Qd3 36. Qxd3 {[%emt 0:00:42]} exd3 {[%emt 0:00:01]} 37. b4 {[%emt 0:05:31]} a4 {[%emt 0:01:14]} 38. Kf2 {[%emt 0:00:31]} Bc4 {[%emt 0:02:27]} 39. Ra3 {[%emt 0:00:27]} Bb3 {[%emt 0:00:50]} 40. Ke3 {[%emt 0:00:12]} Bc2 {[%emt 0:00:05]} 41. Bd6 {[%emt 0:01:55]} Ra7 {[%emt 0:24:39]} 42. b5 {[%emt 0:08:17]} Rd7 {[%emt 0:01:14]} 43. Kd2 {[%emt 0:02:24]} Kf7 {[%emt 0:01:04]} 44. Rxa4 {[%emt 0:02:13]} Bxa4 {[%emt 0:00:40]} 45. Rxa4 {[%emt 0:00:05]} Ke8 {[%emt 0:01:56]} 46. Rd4 {[%emt 0:05:37]} Rb7 {[%emt 0:02:31]} 47. c4 {[%emt 0:00:44]} Ra7 {[%emt 0:00:38]} 48. Rxd3 {[%emt 0:00:25]} Ra2+ {[%emt 0:00:42]} 49. Ke3 {[%emt 0:01:21]} Rxh2 {[%emt 0:00:19]} 50. c6 {[%emt 0:00:54]} Rd8 {[%emt 0:01:53]} 51. c7 {[%emt 0:07:55]} Rh3+ {[%emt 0:00:30]} 52. Ke2 {[%emt 0:00:01]} Rh2+ {[%emt 0:00:12]} 53. Kd1 {[%emt 0:00:16]} Ra8 {[%emt 0:00:59]} 54. Ba3 {[%emt 0:01:29]} Rh1+ {[%emt 0:00:31]} 55. Kc2 {[%emt 0:00:21]} Rxa3 {[%emt 0:00:31]} 56. c8=Q+ {[%emt 0:00:17]} Ke7 {[%emt 0:00:11]} 57. Rd7# {[%emt 0:00:07]} 1-0

[Event "Berliner Meisterschaft 2023"]
[Site "Berlin"]
[Date "2023.04.09"]
[Round "2.1"]
[White "Richter, Michael"]
[Black "Poltorak, Sebastian"]
[Result "1/2-1/2"]
[WhiteElo "2465"]
[BlackElo "2368"]
[PlyCount "99"]
[EventDate "2023.??.??"]

1. d4 {[%emt 0:00:03]} Nf6 {[%emt 0:00:18]} 2. Nf3 {[%emt 0:00:07]} g6 {[%emt 0:00:15]} 3. Bf4 {[%emt 0:00:11]} Bg7 {[%emt 0:01:50]} 4. e3 {[%emt 0:00:18]} d6 {[%emt 0:02:38]} 5. h3 {[%emt 0:00:34]} O-O {[%emt 0:00:31]} 6. Be2 {[%emt 0:00:12]} Nfd7 {[%emt 0:03:04]} 7. O-O {[%emt 0:01:34]} e5 {[%emt 0:00:15]} 8. Bh2 {[%emt 0:00:13]} Nc6 {[%emt 0:11:53]} 9. c4 {[%emt 0:01:58]} exd4 {[%emt 0:18:45]} 10. exd4 {[%emt 0:00:16]} Re8 {[%emt 0:00:12]} 11. Nc3 {[%emt 0:00:43]} Nb6 {[%emt 0:09:16]} 12. Re1 {[%emt 0:15:04]} Bd7 {[%emt 0:03:13]} 13. c5 {[%emt 0:03:52]} Nc8 {[%emt 0:02:06]} 14. Qd2 {[%emt 0:02:20]} a6 {[%emt 0:15:08]} 15. Rad1 {[%emt 0:03:09]} h6 {[%emt 0:01:05]} 16. a3 {[%emt 0:02:58]} Bf5 {[%emt 0:04:49]} 17. Bc4 {[%emt 0:05:27]} Rxe1+ {[%emt 0:05:19]} 18. Qxe1 {[%emt 0:00:06]} Na5 {[%emt 0:02:43]} 19. Ba2 {[%emt 0:02:01]} Bc2 {[%emt 0:00:20]} 20. Rd2 {[%emt 0:01:14]} Bb3 {[%emt 0:00:46]} 21. Re2 {[%emt 0:02:25]} Na7 {[%emt 0:00:36]} 22. Bxb3 {[%emt 0:06:27]} Nxb3 {[%emt 0:00:02]} 23. Qd1 {[%emt 0:08:14]} Na5 {[%emt 0:00:02]} 24. Qa4 {[%emt 0:00:22]} b5 {[%emt 0:02:38]} 25. Nxb5 {[%emt 0:20:41]} Nxb5 {[%emt 0:00:41]} 26. Qxa5 {[%emt 0:00:23]} Nxd4 {[%emt 0:01:00]} 27. Nxd4 {[%emt 0:00:40]} Bxd4 {[%emt 0:00:05]} 28. cxd6 {[%emt 0:05:23]} cxd6 {[%emt 0:00:06]} 29. Qd5 {[%emt 0:05:26]} Rc8 {[%emt 0:00:56]} 30. Bg3 {[%emt 0:00:10]} Qf6 {[%emt 0:02:00]} 31. Kh2 {[%emt 0:02:30]} Be5 {[%emt 0:01:17]} 32. Bxe5 {[%emt 0:02:10]} dxe5 {[%emt 0:00:04]} 33. Qxe5 {[%emt 0:00:24]} Qxe5+ {[%emt 0:00:16]} 34. Rxe5 {[%emt 0:00:06]} Rc2 {[%emt 0:00:02]} 35. Re8+ {[%emt 0:07:52]} Kg7 {[%emt 0:00:04]} 36. Rb8 {[%emt 0:00:38]} Rxf2 {[%emt 0:00:32]} 37. Rb6 {[%emt 0:00:19]} Rf6 {[%emt 0:06:35]} 38. Rb8 {[%emt 0:00:05]} h5 {[%emt 0:03:53]} 39. h4 {[%emt 0:00:12]} Rf4 {[%emt 0:02:36]} 40. Kg3 {[%emt 0:01:01]} Rg4+ {[%emt 0:00:07]} 41. Kh3 {[%emt 0:00:07]} Ra4 {[%emt 0:00:15]} 42. Rb6 {[%emt 0:01:32]} f6 {[%emt 0:00:18]} 43. g3 {[%emt 0:05:45]} g5 {[%emt 0:00:38]} 44. hxg5 {[%emt 0:00:42]} fxg5 {[%emt 0:00:02]} 45. Rc6 {[%emt 0:01:11]} h4 {[%emt 0:01:54]} 46. gxh4 {[%emt 0:03:03]} gxh4 {[%emt 0:00:04]} 47. Rc3 {[%emt 0:01:00]} a5 {[%emt 0:00:55]} 48. Rc5 {[%emt 0:03:29]} Kf6 {[%emt 0:00:39]} 49. Rh5 {[%emt 0:01:27]} Ke6 {[%emt 0:00:09]} 50. Kg2 {[%emt 0:02:51]} 1/2-1/2

[Event "Berliner Meisterschaft 2023"]
[Site "Berlin"]
[Date "2023.04.09"]
[Round "2.2"]
[White "Lagunow, Alexander"]
[Black "Glek, Igor"]
[Result "1/2-1/2"]
[WhiteElo "2341"]
[BlackElo "2443"]
[PlyCount "83"]
[EventDate "2023.??.??"]

1. Nf3 {[%emt 0:00:07]} f5 {[%emt 0:12:04]} 2. g3 {[%emt 0:02:49]} Nf6 {[%emt 0:03:24]} 3. Bg2 {[%emt 0:00:06]} g6 {[%emt 0:00:31]} 4. O-O {[%emt 0:00:11]} Bg7 {[%emt 0:00:03]} 5. c4 {[%emt 0:00:07]} O-O {[%emt 0:00:07]} 6. d4 {[%emt 0:00:11]} d6 {[%emt 0:00:09]} 7. Nc3 {[%emt 0:00:31]} e6 {[%emt 0:00:05]} 8. Qc2 {[%emt 0:02:37]} Nc6 {[%emt 0:02:27]} 9. Rd1 {[%emt 0:02:06]} Qe7 {[%emt 0:03:36]} 10. d5 {[%emt 0:05:55]} Nb4 {[%emt 0:01:32]} 11. Qb3 {[%emt 0:04:26]} Na6 {[%emt 0:00:59]} 12. dxe6 {[%emt 0:03:46]} Nc5 {[%emt 0:00:34]} 13. Qc2 {[%emt 0:00:18]} Bxe6 {[%emt 0:00:06]} 14. Nd5 {[%emt 0:10:54]} Nxd5 {[%emt 0:02:38]} 15. cxd5 {[%emt 0:00:08]} Bd7 {[%emt 0:00:05]} 16. Bg5 {[%emt 0:20:37]} Bf6 {[%emt 0:10:40]} 17. Bxf6 {[%emt 0:02:13]} Qxf6 {[%emt 0:02:15]} 18. e3 {[%emt 0:04:05]} a5 {[%emt 0:00:29]} 19. Nd4 {[%emt 0:05:11]} g5 {[%emt 0:08:55]} 20. Ne2 {[%emt 0:07:49]} Rae8 {[%emt 0:04:48]} 21. Rd4 {[%emt 0:01:25]} Re7 {[%emt 0:02:59]} 22. Rad1 {[%emt 0:01:18]} Be8 {[%emt 0:04:19]} 23. Bf3 {[%emt 0:01:03]} Nd7 {[%emt 0:12:29]} 24. Nc1 {[%emt 0:03:47]} Ne5 {[%emt 0:00:26]} 25. Be2 {[%emt 0:00:36]} Ng6 {[%emt 0:08:12]} 26. Nd3 {[%emt 0:05:08]} Qg7 {[%emt 0:03:57]} 27. Ne1 {[%emt 0:04:14]} f4 {[%emt 0:00:19]} 28. exf4 {[%emt 0:05:15]} gxf4 {[%emt 0:00:17]} 29. Qd2 {[%emt 0:00:44]} Bd7 {[%emt 0:06:11]} 30. Bh5 {[%emt 0:02:11]} fxg3 {[%emt 0:03:18]} 31. hxg3 {[%emt 0:00:12]} Re5 {[%emt 0:01:23]} 32. Bxg6 {[%emt 0:02:11]} hxg6 {[%emt 0:00:09]} 33. Ng2 {[%emt 0:00:14]} b6 {[%emt 0:02:40]} 34. Re1 {[%emt 0:00:48]} Rxe1+ {[%emt 0:02:06]} 35. Nxe1 {[%emt 0:00:02]} Re8 {[%emt 0:01:52]} 36. Ng2 {[%emt 0:01:14]} Bf5 {[%emt 0:00:21]} 37. Rf4 {[%emt 0:01:09]} Re5 {[%emt 0:01:26]} 38. Ne3 {[%emt 0:00:52]} Bc8 {[%emt 0:00:07]} 39. Ng4 {[%emt 0:00:36]} Bxg4 {[%emt 0:00:53]} 40. Rxg4 {[%emt 0:00:04]} Rh5 {[%emt 0:00:28]} 41. Qc2 {[%emt 0:04:59]} Qh7 {[%emt 0:11:03]} 42. Rh4 {[%emt 0:09:09]} 1/2-1/2

[Event "Berliner Meisterschaft 2023"]
[Site "Berlin"]
[Date "2023.04.09"]
[Round "2.3"]
[White "Acikel, Mert"]
[Black "Schmidek, Emil"]
[Result "1/2-1/2"]
[WhiteElo "2240"]
[BlackElo "2433"]
[PlyCount "66"]
[EventDate "2023.??.??"]

1. e4 {[%emt 0:00:07]} c6 {[%emt 0:00:06]} 2. d4 {[%emt 0:00:14]} d5 {[%emt 0:00:05]} 3. Nc3 {[%emt 0:00:10]} dxe4 {[%emt 0:00:08]} 4. Nxe4 {[%emt 0:00:07]} Nf6 {[%emt 0:00:06]} 5. Nxf6+ {[%emt 0:00:20]} exf6 {[%emt 0:00:07]} 6. Be3 {[%emt 0:00:19]} Bd6 {[%emt 0:00:15]} 7. Bd3 {[%emt 0:00:29]} Nd7 {[%emt 0:00:39]} 8. Qf3 {[%emt 0:00:33]} Nf8 {[%emt 0:18:08]} 9. Ne2 {[%emt 0:01:20]} Ne6 {[%emt 0:24:05]} 10. O-O {[%emt 0:08:58]} O-O {[%emt 0:07:01]} 11. c4 {[%emt 0:04:42]} g6 {[%emt 0:08:14]} 12. h4 {[%emt 0:33:17]} f5 {[%emt 0:03:31]} 13. g3 {[%emt 0:00:55]} f4 {[%emt 0:05:32]} 14. Nxf4 {[%emt 0:06:03]} Bxf4 {[%emt 0:00:17]} 15. Bxf4 {[%emt 0:01:29]} Nxd4 {[%emt 0:02:51]} 16. Qd1 {[%emt 0:00:44]} Re8 {[%emt 0:01:16]} 17. Be3 {[%emt 0:04:08]} Qf6 {[%emt 0:02:45]} 18. Be2 {[%emt 0:15:11]} c5 {[%emt 0:01:36]} 19. Bg4 {[%emt 0:00:52]} h5 {[%emt 0:07:53]} 20. Bxd4 {[%emt 0:00:41]} Qxd4 {[%emt 0:07:32]} 21. Qxd4 {[%emt 0:00:18]} cxd4 {[%emt 0:00:01]} 22. Bxc8 {[%emt 0:00:09]} Raxc8 {[%emt 0:00:04]} 23. b3 {[%emt 0:00:42]} Re2 {[%emt 0:05:21]} 24. Rfe1 {[%emt 0:01:15]} Rce8 {[%emt 0:04:22]} 25. Rxe2 {[%emt 0:02:50]} Rxe2 {[%emt 0:00:01]} 26. a4 {[%emt 0:02:19]} Rb2 {[%emt 0:00:36]} 27. Rd1 {[%emt 0:00:08]} Rxb3 {[%emt 0:00:06]} 28. Rxd4 {[%emt 0:00:04]} b6 {[%emt 0:01:03]} 29. a5 {[%emt 0:01:15]} bxa5 {[%emt 0:00:38]} 30. Rd7 a4 {[%emt 0:00:29]} 31. Rxa7 {[%emt 0:00:07]} a3 {[%emt 0:00:06]} 32. c5 {[%emt 0:01:34]} Rc3 {[%emt 0:00:13]} 33. c6 {[%emt 0:00:14]} Rxc6 {[%emt 0:00:24]} 1/2-1/2